000 00374nam a22001337a 4500
003 SGT
020 _a8188123021
082 _a080
_bA020N
100 _aनन्द, दर्शना
245 _aआँवला और उसकी बागवानी
260 _bहिमांचल पुस्तक भंडार
_c2002
300 _a152
942 _2ddc
_cBK
999 _c31547
_d31547